00941nam a2200217 a 450000100100000000500170001000800410002702000150006804000250008308200200010824501170012826000310024530000210027659000760029765000360037365000370040970000320044691000370047895201910051599900170070600003507720200930074105.0110801s1929 ag c 000 p spa d a8449905141 aDO-SdBNPbspacBNPHU aPR861.08bC569m00aLas cien mejores poesías líricas de Puerto Rico /cselección, prólogo y siluetas por Jorge Luis Morales. aRio Piedra :bEdil,c1929. a289 p. ;c20 cm. aPerteneció a la biblioteca personal de Juan Isidro Jimenes Grullón. 4aPoesía puertorriqueña91015 4aLiteratura puertorriqueña925012aMorales , Jorge Luis960737 aValidado. Control de calidad MFF 001050718MOaGRbGRcHDd2011-10-24iLF1l0oPR861.08 C569mp35077-10r2020-06-25w2020-06-25y1zPerteneció a la biblioteca personal de Juan Isidro Jimenes -GrullónZNo se presta c34568d34568